Sky Bungalow, Green Beverly Hill

Bibliographic Details
Main Authors: Alexander Maloni Matupang (Author), Mohd Jaisy Sham Jefry Sham (Author), Muhamad Zuhelmi Shafiq Ismail (Author), Noorhazmy Ahmad Suhaimi (Author), Nurul Afiqah Mohd Zamri (Author)
Format: Book
Language:English
Subjects:

MARC

LEADER 00000cam a2200000 7i4500
001 0000028209
005 20251127.0
008 190110 my a eng
040 |a INS   |b eng   |c INS   |e rda 
090 0 0 |a IP23 
100 1 |a Alexander Maloni Matupang, ,   |e author. 
245 1 0 |a Sky Bungalow, Green Beverly Hill   |c Alexander Maloni Matupang, Noorhazmy Ahmad Suhaimi, Mohd Jaisy Sham Jefry Sham [and two others] 
264 0 |c 2016 
300 |a ix, 143 pages :   |b illustration,picture, colour ;   |c 30 cm. 
336 |a text  |2 rdacontent 
337 |a unmediated  |2 rdamedia 
338 |a volume  |2 rdacarrier 
500 |a Integrated Project 
500 |a Laporan disediakan bagi memenuhi keperluan untuk dianugerahkan Sijil Agensi Harta Tanah dari Institut Penilaian Negara 
650 0 |a Housing   |x Marketing 
650 0 |a Real estate agents 
700 1 |a Mohd Jaisy Sham Jefry Sham, ,   |e author. 
700 1 |a Muhamad Zuhelmi Shafiq Ismail, ,   |e author. 
700 1 |a Noorhazmy Ahmad Suhaimi, ,   |e author. 
700 1 |a Nurul Afiqah Mohd Zamri, ,   |e author. 
999 |a IP00000029   |b BOOK   |c Course Notes   |e Default branch